Trendy outsourcingu v slovenských firmách
Outsourcing je v dnešnej dobe už etablovanou stratégiou, ktorá umožňuje efektívnejšie riadenie a optimalizovanie procesov. Trendy tohto roku.
Guardado en:
| Autor principal: | |
|---|---|
| Formato: | Capítulo de libro |
| Lenguaje: | eslovaco |
| Materias: | |
| Etiquetas: |
Sin Etiquetas, Sea el primero en etiquetar este registro!
|
MARC
| LEADER | 00000naa a2200000 4500 | ||
|---|---|---|---|
| 001 | 0298034 | ||
| 005 | 20240417075258.9 | ||
| 041 | 0 | |a slo | |
| 044 | |a SK | ||
| 245 | 1 | 0 | |a Trendy outsourcingu v slovenských firmách |c Gabriela Alenová |
| 520 | |a Outsourcing je v dnešnej dobe už etablovanou stratégiou, ktorá umožňuje efektívnejšie riadenie a optimalizovanie procesov. Trendy tohto roku. | ||
| 610 | 2 | 0 | |a outsourcing |
| 610 | 2 | 0 | |a riadenie procesné |
| 610 | 2 | 0 | |a optimalizácia |
| 610 | 2 | 0 | |a logistika |
| 610 | 2 | 0 | |a stratégia podnikateľská |
| 100 | 1 | |a Alenová, Gabriela | |